000
00265 a2200121 4500
001
38427
082
_a
536.7ADK
090
_c
24413
_d
24413
100
_a
Adkins C.J
245
_a
Equilibrium thermodynamics, 3/e
250
_a
3
260
_a
G Br
_b
Cambridge
_c
1983
942
_a
NUST-CAE
_k
536.7ADK
999
_c
273500
_d
273500